| 000 | 00000nam##2200000za#4500 |
| 001 | 9.531717 |
| 003 | CaOODSP |
| 005 | 20200401015024 |
| 007 | ta |
| 008 | 150406|1999||||xxc||||| f|0| 0 fre|d |
| 020 | |a0-660-60858-8 |
| 040 | |aCaOODSP|bfre |
| 041 | |aeng |
| 041 | |afre |
| 043 | |an-cn--- |
| 086 | 1 |aBT31-2/2000-III-91 |
| 110 | 1 |aCanada. |bConseil du trésor. |
| 245 | 10|aCitoyenneté et Immigration Canada |
| 260 | |aOttawa - Ontario : |bSecrétariat du Conseil du Trésor du Canada |c1999. |
| 300 | |aTexte français, 44p. : |borganigramme, tableaux ; |c28 cm. |
| 490 | 1 |aBudget des dépenses 1999-2000, partie III: Rapport sur les plans et les priorités |
| 546 | |aBilingue |
| 563 | |aCouverture souple |
| 590 | |a99-13|b1999-04-01 |
| 691 | 07|aPrévisions budgétaires|2gcpds |
| 776 | 0#|tCitoyenneté et Immigration Canada, rapport sur les plans et les priorités de 1999–2000 |w(CaOODSP)9.599124 |
| 776 | 0#|tCitizenship and Immigration Canada, report on plans and priorities 1999–2000 |w(CaOODSP)9.567800 |
| 791 | |tCitizenship and Immigration Canada |eeng|w(CaOODSP)9.531716 |
| 830 | #0|aBudget des dépenses 1999-2000, partie III: Rapport sur les plans et les priorités.|w(CaOODSP)9.508963 |